Cost management : (Record no. 345260)

000 -LEADER
fixed length control field 00703 a2200205 4500
020 ## - INTERNATIONAL STANDARD BOOK NUMBER
International Standard Book Number 0072299029
020 ## - INTERNATIONAL STANDARD BOOK NUMBER
International Standard Book Number 9780072299021
082 04 - DEWEY DECIMAL CLASSIFICATION NUMBER
Classification number 658.1552
090 ## - LOCALLY ASSIGNED LC-TYPE CALL NUMBER (OCLC); LOCAL CALL NUMBER (RLIN)
-- 2769
-- 2769
100 1# - MAIN ENTRY--PERSONAL NAME
Personal name Hilton, Ronald W.
245 10 - TITLE STATEMENT
Title Cost management :
Remainder of title strategies for business decisions /
Statement of responsibility, etc. Ronald W. Hilton.
260 ## - PUBLICATION, DISTRIBUTION, ETC.
Place of publication, distribution, etc. [S.l.] :
Name of publisher, distributor, etc. McGraw-Hill Education,
Date of publication, distribution, etc. 1999.
300 ## - PHYSICAL DESCRIPTION
Extent 962 p. ;
Dimensions 27 cm.
500 ## - GENERAL NOTE
General note Hardcover.
700 1# - ADDED ENTRY--PERSONAL NAME
Personal name Maher, Michael.
700 1# - ADDED ENTRY--PERSONAL NAME
Personal name Selto, Frank H.
856 40 - ELECTRONIC LOCATION AND ACCESS
Materials specified Amazon.com
Uniform Resource Identifier <a href="http://www.amazon.com/exec/obidos/ASIN/0072299029/chopaconline-20">http://www.amazon.com/exec/obidos/ASIN/0072299029/chopaconline-20</a>
856 40 - ELECTRONIC LOCATION AND ACCESS
Materials specified Amazon customer reviews
Uniform Resource Identifier <a href="http://www.chopac.org/cgi-bin/tools/azrev.pl?q=0072299029">http://www.chopac.org/cgi-bin/tools/azrev.pl?q=0072299029</a>
942 ## - ADDED ENTRY ELEMENTS (KOHA)
Institution code [OBSOLETE] NBS
Koha item type Book
Call number prefix 658.155221 HIL
Holdings
Withdrawn status Lost status Damaged status Not for loan Permanent Location Current Location Date acquired Total Checkouts Full call number Barcode Date last seen Price effective from Koha item type
        Central Library (CL) Central Library (CL) 08/28/2013   658.155221 HIL NBS7613 07/08/2014 08/28/2013 Book
        Central Library (CL) Central Library (CL) 08/28/2013   658.155221 HIL NBS5057 08/28/2013 08/28/2013 Book
© 2023 Central Library, National University of Sciences and Technology. All Rights Reserved.